<?xml version="1.0" encoding="UTF-8"?><?xml-stylesheet type="text/xsl" href="static/style.xsl"?><OAI-PMH xmlns="http://www.openarchives.org/OAI/2.0/" xmlns:xsi="http://www.w3.org/2001/XMLSchema-instance" xsi:schemaLocation="http://www.openarchives.org/OAI/2.0/ http://www.openarchives.org/OAI/2.0/OAI-PMH.xsd"><responseDate>2026-04-17T05:53:57Z</responseDate><request verb="GetRecord" identifier="oai:www.recercat.cat:20.500.14342/4048" metadataPrefix="marc">https://recercat.cat/oai/request</request><GetRecord><record><header><identifier>oai:recercat.cat:20.500.14342/4048</identifier><datestamp>2025-05-15T19:21:07Z</datestamp><setSpec>com_2072_482405</setSpec><setSpec>com_2072_183628</setSpec><setSpec>col_2072_482409</setSpec></header><metadata><record xmlns="http://www.loc.gov/MARC21/slim" xmlns:dcterms="http://purl.org/dc/terms/" xmlns:xsi="http://www.w3.org/2001/XMLSchema-instance" xmlns:doc="http://www.lyncode.com/xoai" xsi:schemaLocation="http://www.loc.gov/MARC21/slim http://www.loc.gov/standards/marcxml/schema/MARC21slim.xsd">
   <leader>00925njm 22002777a 4500</leader>
   <datafield ind2=" " ind1=" " tag="042">
      <subfield code="a">dc</subfield>
   </datafield>
   <datafield ind2=" " ind1=" " tag="720">
      <subfield code="a">Palau-Costafreda, Roser</subfield>
      <subfield code="e">author</subfield>
   </datafield>
   <datafield ind2=" " ind1=" " tag="720">
      <subfield code="a">Garcia Gumiel, Sara</subfield>
      <subfield code="e">author</subfield>
   </datafield>
   <datafield ind2=" " ind1=" " tag="720">
      <subfield code="a">Eles Velasco, Amaranta</subfield>
      <subfield code="e">author</subfield>
   </datafield>
   <datafield ind2=" " ind1=" " tag="720">
      <subfield code="a">Jansana-Riera, Anna</subfield>
      <subfield code="e">author</subfield>
   </datafield>
   <datafield ind2=" " ind1=" " tag="720">
      <subfield code="a">Orus-Covisa, Lluna</subfield>
      <subfield code="e">author</subfield>
   </datafield>
   <datafield ind2=" " ind1=" " tag="720">
      <subfield code="a">Hermida González, Julia</subfield>
      <subfield code="e">author</subfield>
   </datafield>
   <datafield ind2=" " ind1=" " tag="720">
      <subfield code="a">Algarra Ramos, Miriam</subfield>
      <subfield code="e">author</subfield>
   </datafield>
   <datafield ind2=" " ind1=" " tag="720">
      <subfield code="a">Canet Vélez, Olga</subfield>
      <subfield code="e">author</subfield>
   </datafield>
   <datafield ind2=" " ind1=" " tag="720">
      <subfield code="a">Obregón Gutiérrez, Noemí</subfield>
      <subfield code="e">author</subfield>
   </datafield>
   <datafield ind2=" " ind1=" " tag="720">
      <subfield code="a">Escuriet, Ramon</subfield>
      <subfield code="e">author</subfield>
   </datafield>
   <datafield ind2=" " ind1=" " tag="260">
      <subfield code="c">2023-08</subfield>
   </datafield>
   <datafield ind2=" " ind1=" " tag="520">
      <subfield code="a">Background: Midwife-led units have been shown to be safer and reduce interventions for women at low risk of complications at birth. In 2017, the first alongside birth center was opened in Spain. The aim of this study was to&#xd;
compare outcomes for women with uncomplicated pregnancies giving birth in the Midwife-led unit (MLU) and in the Obstetric unit (OU) of the same hospital.&#xd;
Methods: Retrospective cohort study comparing birth outcomes between low-risk women, depending on their planned place of birth. Data were analyzed with an intention-to-treat approach for women that gave birth between January 2018&#xd;
and December 2020.&#xd;
Results: A total of 878 women were included in the study, 255 women chose to give birth in the MLU and 623 in the OU. Findings showed that women in the MLU were more likely to have a vaginal birth (91.4%) than in the OU (83.8%)&#xd;
(aOR 2.98 [95%CI 1.62–5.47]), less likely to have an instrumental delivery, 3.9% versus 11.2% (0.25 [0.11–0.55]),&#xd;
to use epidural analgesia, 19.6% versus 77.9% (0.15 [0.04–0.17]) and to have an episiotomy, 7.4% versus 15.4% (0.27 [0.14–0.53]). There were no differences in rates of postpartum hemorrhage, retained placenta, or adverse neonatal outcomes. Intrapartum and postpartum transfer rates from the MLU to the OU were 21.1% and 2.4%, respectively.&#xd;
Conclusions: The high rate of obstetric interventions in Spain could be reduced by implementing midwife-led&#xd;
units across the whole system, without an increase in maternal or neonatal complications.</subfield>
   </datafield>
   <datafield ind1="8" ind2=" " tag="024">
      <subfield code="a">http://hdl.handle.net/20.500.14342/4048</subfield>
   </datafield>
   <datafield ind1="8" ind2=" " tag="024">
      <subfield code="a">https://doi.org/10.1111/birt.12749</subfield>
   </datafield>
   <datafield tag="653" ind2=" " ind1=" ">
      <subfield code="a">Naixement</subfield>
   </datafield>
   <datafield tag="653" ind2=" " ind1=" ">
      <subfield code="a">Llevadores</subfield>
   </datafield>
   <datafield tag="653" ind2=" " ind1=" ">
      <subfield code="a">Obstetrícia</subfield>
   </datafield>
   <datafield tag="653" ind2=" " ind1=" ">
      <subfield code="a">Unitats dirigides per llevadores</subfield>
   </datafield>
   <datafield ind2="0" ind1="0" tag="245">
      <subfield code="a">The First alongside midwifery unit in Spain: a retrospective cohort study of maternal and neonatal outcomes</subfield>
   </datafield>
</record></metadata></record></GetRecord></OAI-PMH>